| 000 | 01086cam a22003255a 4500 | ||
|---|---|---|---|
| 999 |
_c26235 _d26207 |
||
| 001 | 776379 | ||
| 003 | EG-ScBUE | ||
| 005 | 20210922102314.0 | ||
| 008 | 050627t2007 nyu f 000 0 eng d | ||
| 020 | _a9780375765735 | ||
| 040 |
_aDPL _beng _erda _cDPL _dBAKER _dJRZ _dJRZ _dEG-ScBUE |
||
| 082 | 0 | 4 |
_a378.1662 _bWUY _222 |
| 100 | 1 |
_aWu, Yung-Yee, _eauthor. _97342 |
|
| 245 | 1 | 0 |
_aVerbal workout for the GRE / _cYung-Yee Wu. |
| 250 | _aThird edition. | ||
| 264 | 1 |
_aNew York, NY : _bThe Princeton Review, Inc., _c[2007] |
|
| 264 | 4 | _cc2007 | |
| 300 |
_a280 pages ; _c28 cm |
||
| 336 |
_2rdacontent _atext _btxt |
||
| 337 |
_2rdamedia _aunmediated _bn |
||
| 338 |
_2rdacarrier _avolume _bnc |
||
| 650 | 7 |
_aGraduate Record Examination _vStudy guides. _2BUEsh _920956 |
|
| 650 | 7 |
_aEnglish language _xExaminations _vStudy guides. _2BUEsh _92391 |
|
| 650 | 7 |
_aUniversities and colleges _zUnited States _xGraduate work _xExaminations _vStudy guides. _2BUEsh |
|
| 651 | _2BUEsh | ||
| 653 |
_bGGEN _bHHUUEENN _cMarch2018 |
||
| 655 |
_vReading book _934232 |
||
| 942 |
_2ddc _cBB |
||